00611nam a22002057a 450000100060000000300080000600500170001400800410003103500190007204000260009104100080011708200240012524500920014926000500024130000260029150400200031765000310033770000210036870000160038936546BD-RjUL20211209052513.0140626s1997 i ||||| |||| 001 0 eng d a(BD-RjUL)36647 aBD-RjULbengcBD-RjUL aeng a340.52054bTRI 1997 aTribal law and Administration :b(Tribal life in India -7) /cEdited by Devendra Thakur aNew Dellah :bdeep & Deep publication,c1997. aviii, 262 p. ;c21cm. aIncludes index. aLaw- Traditional Societies a Devendra Thakur aD.N. Thakur